Bramabandhab Upadhyay the life and thought of a revolutionary (Record no. 1458386)

MARC details
000 -LEADER
fixed length control field 00610nam a2200205Ia 4500
005 - DATE AND TIME OF LATEST TRANSACTION
control field 20250923150013.0
008 - FIXED-LENGTH DATA ELEMENTS--GENERAL INFORMATION
fixed length control field 008 250917s9999 xx 000 0 eng d
037 ## - SOURCE OF ACQUISITION
Stock number Textual
040 ## - CATALOGING SOURCE
Original cataloging agency DSWL
Language of cataloging eng
Transcribing agency DSWL
041 ## - LANGUAGE CODE
Language code of text/sound track or separate title eng
Source of code eng
084 ## - COLON CLASSIFICATION NUMBER
Classification number Q62:3wM61, N99
Assigning agency DSWL
100 ## - MAIN ENTRY--PERSONAL NAME
Personal name Lipner, Julius
9 (RLIN) 841185
245 #0 - TITLE STATEMENT
Title Bramabandhab Upadhyay the life and thought of a revolutionary
Statement of responsibility, etc. by Julius Lipner
260 ## - PUBLICATION, DISTRIBUTION, ETC.
Place of publication, distribution, etc. Delhi
Name of publisher, distributor, etc. University Press
Date of publication, distribution, etc. 1999
300 ## - PHYSICAL DESCRIPTION
Extent xxiv,409 p.
365 ## - TRADE PRICE
Price type code INR
Price amount 425.00
925 ## -
-- 425.00
942 ## - ADDED ENTRY ELEMENTS (KOHA)
Koha item type Textual
Classification part Q62:3wM61, N99
Holdings
Withdrawn status Lost status Damaged status Not for loan Home library Current library Date acquired Total Checkouts Full call number Barcode Date last seen Price effective from Koha item type
        Department of Social Work Library Department of Social Work Library 2025-09-23   Q62:3wM61, N99 SW0026819 2025-09-23 2025-09-23 Textual
Copyright @ Delhi University Library System